[Event "OWL-ch U16"]
[Site "Hiddenhausen"]
[Date "2005.01.04"]
[Round "5"]
[White "Schulte, Martin"]
[Black "Schuetze, Rene"]
[Result "0-1"]
[WhiteElo "1191"]
[BlackElo "1520"]
[PlyCount "60"]
[EventDate "2005.01.02"]
[EventType "swiss"]
[EventRounds "7"]
[EventCountry "GER"]
[SourceTitle "EXT 2007"]
[Source "ChessBase"]
[SourceDate "2006.11.23"]
[SourceVersion "1"]
[SourceVersionDate "2006.11.23"]
[SourceQuality "1"]

1. d4 Nf6 2. c4 c5 3. Nf3 e6 4. e3 cxd4 5. Nxd4 Nc6 6. Nxc6 bxc6 7. Nc3 d5 8. b3 Bb4 9. Bd2 Bb7 10. Bd3 0-0 11. 0-0 Bxc3 12. Bxc3 a5 13. a3 c5 14. Qc2 d4 15. exd4 cxd4 16. Rfd1 e5 17. Bd2 e4 18. Bf1 Re8 19. Be3 d3 20. Bxd3 exd3 21. Rxd3 Qc7 22. Rad1 Be4 23. Qb1 Bxd3 24. Rxd3 Ng4 25. g3 Nxe3 26. fxe3 Qc5 27. Qd1 Rxe3 28. Rd5 Qxa3 29. c5 Rae8 30. Rd8 Qxc5 0-1